000 00711nam a2200205 a 4500
005 20151123022209.0
008 140220b1995 ck ||||| |||| 00| 0 spa d
040 _aCO-BoIAVH
_cCO-BoIAVH
041 _aspa
_heng
090 _aLB
_b00237
111 _aSeminario Internacional sobre Avances en Economía y Contabilidad Ambiental
_cBogotá
_d1995
_942531
245 _aSeminario internacional sobre avances en economía y contabilidad ambiental
_bcompendio de documentos
260 _aBogotá
_bCICA
_bPNUD
_bDNP
_c1995
300 _a324 p.
650 _aEconomía ambiental
_942532
650 _aContabilidad ambiental
_942533
650 _aInstrumentos económicos
_942534
662 _aColombia
942 _cINFORME
_2z
999 _c257
_d257